000 00357nam a2200133Ia 4500
008 230411s9999 xx 000 0 und d
041 _aeng
082 _aX/891/KAH/B06612
100 _aKahate Atul
_9179203
245 _aKahani Flu Chi : Influenza te swine flu
260 _bManovikas Prakashan
_aPune
_c2010
300 _a216p
999 _c156978
_d156978